000 00299nam a2200121Ia 4500
008 191201s1999 xx 000 0 und d
100 _aKRAUS, John D
245 0 _aElectromagnetics with Applications
260 _aN. Delhi
_bMcGraw Hill
_c1999
300 _a617
650 _aApplied
942 _2ddc
_cBK
999 _c6624
_d6624